La Ley de Murphy : (Registro nro. 6740)
[ vista simple ]
| 000 -CABECERA | |
|---|---|
| Campo de control interno | 01780nam a2200253Ia 4500 |
| 008 - ELEMENTOS DE LONGITUD FIJA - INFORMACIÓN GENERAL | |
| Campo de control de longitud fija | 260220t1998||||xx |||||||||||||| ||spa|| |
| 020 ## - ISBN | |
| ISBN | 8478808620 |
| 040 ## - FUENTE DE CATALOGACIÓN | |
| Agencia de catalogación original | PY-SlUNAC |
| Idioma de catalogación | spa |
| Convenciones de descripción | rda |
| 041 ## - CÓDIGO DE IDIOMA | |
| Código de idioma para texto/pista de sonido o título separado | spa |
| 082 ## - NÚMERO DE CLASIFICACIÓN DECIMAL DEWEY | |
| Clasificación Decimal Dewey (CDD) | 150 |
| Clasificación Expansiva de Cutter (EC) | B651e |
| 100 ## - ASIENTO PRINCIPAL - NOMBRE PERSONAL | |
| Nombre personal | Bloch, Arthur |
| Rol del autor | Autor |
| 245 #0 - TÍTULO | |
| Título | La Ley de Murphy : |
| Subtítulo | si algo puede salir mal, saldrá mal o la tostada siempre cae por el lado de la mantequilla / |
| Mención de responsabilidad | por Arthur Bloch [Autor] |
| 264 ## - PIE DE IMPRENTA | |
| Lugar | Madrid : |
| Editorial | Temas de Hoy, |
| Año | ℗1998. |
| 300 ## - DESCRIPCIÓN FÍSICA | |
| Páginas | 1 volumen |
| 520 ## - NOTA DE RESUMEN | |
| Nota de resumen | "La Ley de Murphy" de Arthur Bloch explora la noción de que, si algo tiene la posibilidad de salir mal, efectivamente lo hará, encapsulando la esencia de la ley en una serie de aforismos ingeniosos y humorísticos. Publicado en 1998, el libro examina la naturaleza del fracaso y la inevitabilidad de los contratiempos en diversas situaciones cotidianas, desde lo trivial hasta lo significativo. A través de un enfoque ligero y entretenido, Bloch presenta ejemplos que ilustran cómo la vida tiende a desviar nuestras expectativas, lo que invita a los lectores a adoptar una perspectiva más optimista y resiliente frente a la adversidad. La obra no solo sirve como una reflexión sobre los contratiempos, sino que también proporciona un marco para entender el azar y la suerte en la vida diaria. En última instancia, el autor transforma la frustración en risa, ofreciendo una visión que sugiere que, a pesar de la ley de Murphy, es posible encontrar humor y aprendizaje en los errores y desdichas. |
| 653 ## - MATERIA - TÉRMINO TEMÁTICO NO CONTROLADO (PALABRAS CLAVE) | |
| Materia - término temático no controlado (palabras clave) | Comportamiento humano |
| 653 ## - MATERIA - TÉRMINO TEMÁTICO NO CONTROLADO (PALABRAS CLAVE) | |
| Materia - término temático no controlado (palabras clave) | Consecuencias |
| 653 ## - MATERIA - TÉRMINO TEMÁTICO NO CONTROLADO (PALABRAS CLAVE) | |
| Materia - término temático no controlado (palabras clave) | Riesgo |
| 942 ## - ELEMENTOS PERSONALIZADOS (KOHA) | |
| Fecha catalogación | 2026/02/17 |
| Tipo de documento | Libros |
| Fuente de Clasificacion | Colección | Ubicacion permanente | Biblioteca actual | Fecha de Ingreso a la Biblioteca | Origen de adquisición | Código de ubicación | Código de barras | Tipo de Item KOHA | Nota pública |
|---|---|---|---|---|---|---|---|---|---|
| Dewey Decimal Classification | Colección General (CG) | Biblioteca e Internet, Facultad de Ciencias Exactas y Naturales | Biblioteca e Internet, Facultad de Ciencias Exactas y Naturales | 02/20/2026 | Donación | 150 B651e | CG100 | Libros | Material disponible en la Biblioteca e Intenet, Campus UNA, San Lorenzo. |


